[Event "Lethbridge op"]
[Site "Lethbridge"]
[Date "2009.04.04"]
[Round "3"]
[White "Zeggelaar, Mike"]
[Black "Holmes, Greg"]
[Result "1-0"]
[WhiteElo "1834"]
[BlackElo "1626"]
[PlyCount "55"]
[EventDate "2009.04.04"]
[EventType "swiss"]
[EventRounds "5"]
[EventCountry "CAN"]
[SourceTitle "EXT 2011"]
[Source "ChessBase"]
[SourceDate "2010.11.26"]
[SourceVersion "1"]
[SourceVersionDate "2010.11.26"]
[SourceQuality "1"]

1. e4 e5 2. Nf3 Nc6 3. Bb5 a6 4. Ba4 Nf6 5. Bxc6 bxc6 6. d3 d6 7. 0-0 Be7 8. h3 0-0 9. Nc3 Nh5 10. Nxe5 dxe5 11. Qxh5 f5 12. exf5 Rxf5 13. Qe2 Bg5 14. Bxg5 Rxg5 15. Ne4 Rg6 16. Ng3 Qd4 17. b3 Rxg3 18. c3 Qb6 19. Qxe5 Rf3 20. gxf3 Bxh3 21. Rfe1 Rf8 22. Qg3 Bf5 23. Re7 Bg6 24. Qe5 Rf6 25. Rxc7 Bf5 26. Rc8+ Rf8 27. Rxf8+ Kxf8 28. Qxf5+ 1-0